000 00614nam a2200253Ia 4500
005 20260121155504.0
008 008 260114s9999 xx 000 0 eng d
020 _a9781003003724
037 _aEBOOK
040 _aCRL
040 _beng
040 _cCRL
041 _2eng
041 _aeng
084 _qCRL
100 _a Georgie Cooney; Molly Hickey
_91020120
245 0 _aWho Put the Spell into Spelling?
260 _bTaylor and Francis
260 _c2020
856 _uhttp://www.taylorfrancis.com/books/9781003003724
942 _cEBOOK
999 _c1586939
_d1586939